<?xml version="1.0" encoding="UTF-8"?><?xml-stylesheet type="text/xsl" href="static/style.xsl"?><OAI-PMH xmlns="http://www.openarchives.org/OAI/2.0/" xmlns:xsi="http://www.w3.org/2001/XMLSchema-instance" xsi:schemaLocation="http://www.openarchives.org/OAI/2.0/ http://www.openarchives.org/OAI/2.0/OAI-PMH.xsd"><responseDate>2026-06-29T02:46:30Z</responseDate><request verb="GetRecord" identifier="oai:docta.ucm.es:20.500.14352/125392" metadataPrefix="marc">https://docta.ucm.es/rest/oai/request</request><GetRecord><record><header><identifier>oai:docta.ucm.es:20.500.14352/125392</identifier><datestamp>2025-10-28T01:19:28Z</datestamp><setSpec>com_20.500.14352_14</setSpec><setSpec>col_20.500.14352_15</setSpec></header><metadata><record xmlns="http://www.loc.gov/MARC21/slim" xmlns:dcterms="http://purl.org/dc/terms/" xmlns:xsi="http://www.w3.org/2001/XMLSchema-instance" xmlns:doc="http://www.lyncode.com/xoai" xsi:schemaLocation="http://www.loc.gov/MARC21/slim http://www.loc.gov/standards/marcxml/schema/MARC21slim.xsd">
   <leader>00925njm 22002777a 4500</leader>
   <datafield ind2=" " ind1=" " tag="042">
      <subfield code="a">dc</subfield>
   </datafield>
   <datafield ind2=" " ind1=" " tag="720">
      <subfield code="a">De Salvador Agra, Saleta</subfield>
      <subfield code="e">author</subfield>
   </datafield>
   <datafield ind2=" " ind1=" " tag="260">
      <subfield code="c">2023</subfield>
   </datafield>
   <datafield ind2=" " ind1=" " tag="520">
      <subfield code="a">Lo contrario al decir y los obstáculos del decir son dos acepciones que reúne la contradicción como contra-dicción. Ambas apuntan a dos aspectos de las cosas que no se hacen con palabras y las que se hacen sin ellas. Desde esta dualidad, el texto aborda el fenómeno del silenciamiento de las mujeres y de sus silencios en el marco de la contemporánea filosofía feminista del lenguaje. Con este fin, se analizarán las condiciones pragmáticas en contexto, tomando como referencia el escenario fílmico de Twelve Angry Men, a partir de las herramientas conceptuales de la teoría de los actos de habla.</subfield>
   </datafield>
   <datafield ind2=" " ind1=" " tag="520">
      <subfield code="a">The opposite of saying and the obstacles of saying are two meanings that unite contradiction as contra-diction. Both point to two aspects of failing to do things with words and doing things with silence. From this duality, the text addresses the phenomenon of the silencing of women within the framework of feminist speech act theory and their silences using Teresa De Lauretis’ semiological film theory. To this end, we will analyze the pragmatic conditions in context, with reference to the film scenario of Twelve Angry Men, based on the conceptual tools of contemporary feminist philosophy of language.</subfield>
   </datafield>
   <datafield ind1="8" ind2=" " tag="024">
      <subfield code="a">De Salvador Agra, S. (2023) "Cómo no hacer cosas con palabras y cómo hacerlas con el silencio", ENDOXA, (52), pp. 143-162. doi: 10.5944/endoxa.52.2023.29672.</subfield>
   </datafield>
   <datafield ind1="8" ind2=" " tag="024">
      <subfield code="a">1133-5351</subfield>
   </datafield>
   <datafield ind1="8" ind2=" " tag="024">
      <subfield code="a">10.5944/ENDOXA.52.2023.29672</subfield>
   </datafield>
   <datafield ind1="8" ind2=" " tag="024">
      <subfield code="a">https://hdl.handle.net/20.500.14352/125392</subfield>
   </datafield>
   <datafield ind1="8" ind2=" " tag="024">
      <subfield code="a">2174-5676</subfield>
   </datafield>
   <datafield ind1="8" ind2=" " tag="024">
      <subfield code="a">https://doi.org/10.5944/endoxa.52.2023.29672</subfield>
   </datafield>
   <datafield ind1="8" ind2=" " tag="024">
      <subfield code="a">https://ojs.linhd.uned.es/index.php/endoxa/article/view/29672</subfield>
   </datafield>
   <datafield ind1="8" ind2=" " tag="024">
      <subfield code="a">https://produccioncientifica.ucm.es/documentos/659eebf195299d3d0572c9db</subfield>
   </datafield>
   <datafield ind2="0" ind1="0" tag="245">
      <subfield code="a">Cómo no hacer cosas con palabras y cómo hacerlas con el silencio</subfield>
   </datafield>
   <datafield ind2="0" ind1="0" tag="245">
      <subfield code="a">How not to do things with words and how to do them with silence</subfield>
   </datafield>
</record></metadata></record></GetRecord></OAI-PMH>